000
00343nam a2200145Ia 4500
008
150301s2014 xx 000 0 und d
082
_a
420
_b
E14S
100
_a
SHARMA, MEENA
245
_a
GENERAL ENGLISH FOR NURSES
250
_a
1ST
260
_b
KPH DELHI
_a
DELHI
_c
2014
300
_a
207
650
_a
GENERAL ENGLISH
942
_2
ddc
_c
BK
_0
1
999
_c
6779
_d
6779